Giáo trình Luật hình sự Việt Nam : (Phần chung)

Wedi'i Gadw mewn:
Manylion Llyfryddiaeth
Prif Awdur: Phạm, Văn Beo
Fformat: Llyfr
Iaith:Undetermined
Cyhoeddwyd: Cần Thơ Trường Đại học Cần Thơ 2004
Pynciau:
Tagiau: Ychwanegu Tag
Dim Tagiau, Byddwch y cyntaf i dagio'r cofnod hwn!
Thư viện lưu trữ: Trung tâm Học liệu Trường Đại học Cần Thơ
LEADER 00612nam a2200205Ia 4500
001 CTU_63395
008 210402s9999 xx 000 0 und d
082 |a 345.597 
082 |b B205 
100 |a Phạm, Văn Beo 
245 0 |a Giáo trình Luật hình sự Việt Nam : 
245 0 |b (Phần chung) 
245 0 |c Phạm Văn Beo 
260 |a Cần Thơ 
260 |b Trường Đại học Cần Thơ 
260 |c 2004 
650 |a Criminal law (viet namese law) 
650 |x Outlines, Syllabi,etc 
904 |i Năm 
980 |a Trung tâm Học liệu Trường Đại học Cần Thơ